Aasian miljoonakaupunkeja kartalla - Statistics

Yleistilastot
  • Tätä visaa on pelattu 11 kertaa
  • Keskiarvotulos 42 / 156
Vastaukset kartalla
Vastauksille on annettu kartalla punavihreä väri sen mukaan, kuinka moni on saanut sen oikein.
 
Vastaustilastot
% Oikein
Bangkok 5 666 264
100%
New Delhi 16 349 831
100%
Shanghai 21 909 814
100%
Tokio 9 733 276
100%
Istanbul 15 244 936
90%
Jakarta 9 586 705
90%
Peking 18 960 744
90%
Singapore 6 111 175
90%
Ankara 5 186 002
80%
Mumbai 18 394 912
80%
Osaka 2 752 412
80%
Soul 9 586 195
80%
Teheran 8 693 706
80%
Antalya 1 322 766
70%
Astana 1 354 507
70%
Bagdad 6 719 476
70%
Ulan Bator 1 466 431
70%
Islamabad 1 108 872
70%
Manila 1 902 590
70%
Riad 6 924 566
70%
Damaskos 1 414 913
60%
Dhaka 10 295 786
60%
Hiroshima 1 200 754
60%
Kabul 4 434 000
60%
Kalkutta 14 057 991
60%
Kuala Lumpur 8 087 775
60%
Pjongjang 2 521 785
60%
Sapporo 1 973 395
60%
Tbilisi 1 285 300
60%
Amman 1 812 059
50%
Baku 1 311 900
50%
Bangalore 8 520 435
50%
Chennai 8 653 521
50%
Izmir 2 948 160
50%
Jedda 3 712 917
50%
Jerevan 1 141 100
50%
Taipei 2 594 581
50%
Wuhan 10 494 879
50%
Ahmedabad 6 357 693
40%
Aleppo 2 132 100
40%
Biškek 1 103 562
40%
Busan 3 179 551
40%
Kanton 16 096 724
40%
Dušanbe 1 242 600
40%
Kioto 1 463 723
40%
Nagoya 2 332 176
40%
Phnom Penh 2 189 460
40%
Xi'an 9 392 938
40%
Almaty 2 161 797
30%
Beirut 1 650 000
30%
Chongqing 9 580 819
30%
Hyderabad 1 921 275 | 7 677 018
30%
Karachi 18 868 021
30%
Lahore 13 004 135
30%
Medina 1 411 599
30%
Mekka 2 385 509
30%
Tianjin 11 052 404
30%
Yangon 4 584 622
30%
Changsha 5 630 256
20%
Chengdu 13 568 357
20%
Dalian 4 913 879
20%
Basra 1 340 819
20%
Jokohama 3 777 491
20%
Mašhad 3 001 184
20%
Hangzhou 9 236 032
20%
Harbin 5 242 897
20%
Jaipur 3 046 163
20%
Jinan 5 648 162
20%
Kawasaki 1 538 262
20%
Kōbe 1 525 152
20%
Lucknow 2 902 920
20%
Pune 5 057 709
20%
Qingdao 6 165 279
20%
Shenzhen 17 444 609
20%
Surabaya 2 765 487
20%
Ürümqi 3 842 560
20%
Xiamen 4 617 251
20%
Zhengzhou 6 461 013
20%
Adana 1 779 463
10%
Ahvaz 1 184 788
10%
Bandung 2 394 873
10%
Bursa 2 051 464
10%
Daegu 2 149 687
10%
Dammam 1 386 166
10%
Chattogram 3 230 507
10%
Diyarbakır 1 087 786
10%
Esfahan 1 961 260
10%
Faisalabad 3 691 999
10%
Fukuoka 1 612 392
10%
Fuzhou 3 723 454
10%
Gaziantep 1 680 723
10%
Guiyang 4 021 275
10%
Gujranwala 2 511 118
10%
Gwangju 1 477 573
10%
Hefei 5 055 978
10%
Incheon 2 860 142
10%
Indore 2 170 295
10%
Kanpur 2 920 496
10%
Kochi 2 119 724
10%
Konya 1 365 287
10%
Kunming 5 273 144
10%
Lanzhou 3 012 577
10%
Mandalay 1 162 500
10%
Mersin 1 040 507
10%
Mosul 1 361 819
10%
Nagpur 2 497 870
10%
Nanjing 7 519 814
10%
Nanning 4 582 703
10%
Ningbo 3 731 203
10%
Qom 1 201 158
10%
Quetta 1 565 546
10%
Rawalpindi 3 357 612
10%
Sendai 1 096 704
10%
Shijiazhuang 5 090 440
10%
Šīrāz 1 565 572
10%
Surat 4 591 246
10%
Suwon 1 210 150
10%
Suzhou 5 892 892
10%
Tabriz 1 558 693
10%
Taiyuan 4 303 673
10%
Bekasi 2 334 871
0%
Changchun 4 557 356
0%
Coimbatore 2 136 916
0%
Daejeon 1 488 435
0%
Depok 1 738 570
0%
Etelä-Tangerang 1 290 322
0%
Şymkent 1 192 120
0%
Xinbei 4 365 947
0%
Dongguan 9 644 871
0%
Foshan 9 042 509
0%
George Town 1 610 378
0%
Ghaziabad 2 375 820
0%
Goyang 1 045 497
0%
Johor Bahru 1 994 365
0%
Kaohsiung 2 734 275
0%
Karaj 1 592 492
0%
Kozhikode 2 028 399
0%
Makassar 1 331 391
0%
Medan 2 097 610
0%
Multan 2 215 381
0%
Nanchang 3 518 975
0%
Palembang 1 440 678
0%
Patna 2 049 156
0%
Peshāwar 1 905 975
0%
Saitama 1 324 025
0%
Semarang 1 520 481
0%
Shantou 3 838 900
0%
Shengyang 7 026 358
0%
Taichung 3 033 840
0%
Tainan 1 875 076
0%
Tangerang 1 798 601
0%
Taoyuan 2 441 064
0%
Wujin 3 187 315
0%
Wuxi 3 956 985
0%
Zhongshan 3 841 873
0%
Ehtoja vastaavia visoja ei löytynyt
Tulosjakauma
Jokaisen tuloksen saaneiden osuus
Persentiili vastausten määrän mukaan
Tuloshistoriasi
Et ole pelannut tätä visaa